| 000 | 00556cam a2200205 4500 | ||
|---|---|---|---|
| 008 | 090401t1990 xxu||||| |||| 00| 0 eng d | ||
| 020 | _a0850668573 | ||
| 035 | _a(Sirsi) u64844 | ||
| 041 | _aeng | ||
| 050 | _a333.70285 | ||
| 245 | _aIntroductory readings in geographic information systems | ||
| 260 |
_aLondon _bTaylor and Francis _c1990 |
||
| 300 | _ax,371p. : ill. ; 25cm. | ||
| 350 | _a15 | ||
| 520 | _aJoint editor: Duane F. Marble. | ||
| 650 | _aMARBLE DUANE F | ||
| 700 |
_aPeuquet, Donna J. _xEditor |
||
| 942 | _n0 | ||
| 948 | _c04/03/1997 | ||
| 999 |
_c94712 _d94712 |
||